000 01317 a2200241 4500
001 40533
005 20260407155700.0
008 260407a2016 arg spa d
003 AR-UNSa-BCEJYS
040 _aAR-UNSa-BCEJYS
_bspa
_cAR-UNSa-BCEJYS
080 _a657.6
_xAuditoria (control interno)
245 1 0 _aAuditoría
_pconceptos y métodos
020 _a978-987-4055-00-2
250 _a3a. ed.
264 1 _aRosario :
_bFoja Cero
_c2016
300 _axxi, 390 p.
_c29 cm.
505 _a1. La auditoría de estados financieros - 2. El proceso de la auditoría, la evidencia y su documentación - 3. Acuerdo del encargo, planeamiento e importancia relativa - 4. Identificación y evaluación de riesgos - 5. Respuesta a los riesgos identificados y evaluados. Enfoque conceptual - 6. Ejecución de procedimientos posteriores de auditoría - 7. Procedimientos de auditoría por ciclos - 8. Trabajos finales - 9. El informe breve sobre los estados financieros - 10. Otros trabajos e informes del auditor - 11. Sindicatura de sociedades y auditoría externa - 12. Responsabilidad del auditor
041 _aspa
942 _cBK
590 _aniveau_biblio:m niveau_hierar:0
100 1 _aLattuca, Antonio Juan
856 4 1 _uhttps://biblioeco.unsa.edu.ar/pmb/images/libros/L126084.jpg
_yImagen de portada
_qimage/jpeg
999 _c3244
_d3244